| 000 | 00571nam a2200181Ia 4500 | ||
|---|---|---|---|
| 003 | GCL | ||
| 008 | 140319s9999 xx 000 0 ara d | ||
| 040 |
_aGCL / _cGCL |
||
| 082 | 0 | 4 |
_a811.9 _bع ا |
| 100 | 1 | _aعزت الحريرى | |
| 245 | 1 | 0 |
_aانا عايش : اشعار بالعامية المصرية / _cعزت الحريرى |
| 300 | _a167 ص | ||
| 490 | _a | ||
| 650 | 0 | 4 | _aالشعر العربى - دواوين وقصائد |
| 650 | 0 | 4 | _aالشعر العربى - العصر الحديث |
| 650 | 0 | 4 | _aاللغة العربية - مصر |
| 942 |
_2ddc _cBK |
||
| 999 |
_c39933 _d39933 |
||